| 000 | 00679cab a2200229 4500 | ||
|---|---|---|---|
| 001 | ABS60086 | ||
| 008 | 090401t1999 xxu||||| |||| 00| 0 eng d | ||
| 035 | _a(Sirsi) u91416 | ||
| 041 | _aeng | ||
| 100 | _aClarke, B. | ||
| 245 | _aAt your service | ||
| 260 | _c1999 | ||
| 350 | _a0 | ||
| 490 |
_aSurveyor _v186(5519) 11 February 1999, 12-14(3) |
||
| 520 | _aDiscusses the growing tendency of private and public sector companies to work together on construction contracts. | ||
| 650 | _aPRIVATE SECTOR | ||
| 650 | _aPUBLIC SECTOR | ||
| 650 | _aPUBLIC PRIVATE PARTNERSHIPS | ||
| 690 | _aBUILT ENVIRONMENT-BUILDING CONTRACT FORMS | ||
| 942 | _n0 | ||
| 948 | _c18/02/1999 | ||
| 999 |
_c58032 _d58032 |
||